Sermão de Santo António aos peixes, de Padre António Vieira (Registo nº 6098)
[ vista simples ]
| 000 -Etiqueta do registo | |
|---|---|
| Valores | 00737nam a2200241 4500 |
| 010 ## - Número ISBN | |
| ISBN | 9724714985 |
| 010 ## - Número ISBN | |
| ISBN | 9789724714981 |
| 021 ## - Número do Depósito Legal | |
| Número | 160039/01 |
| 100 ## - Dados gerais de processamento | |
| Dados gerais | 20080104e2006 e y0pory5003 ba |
| 200 1# - Titulo e menção de responsabilidade | |
| Título próprio | Sermão de Santo António aos peixes, de Padre António Vieira |
| Informação de outro título | análise da obra |
| Primeira menção de responsabilidade | Fernanda Carrilho |
| 205 ## - Menção da edição | |
| Edição | 3ª ed., |
| 210 #9 - Publicação | |
| Local de publicação | Lisboa |
| Nome do editor | Texto, |
| Data de publicação | 2006 |
| 215 ## - Descrição física | |
| Paginação / Volumes | 96 p. |
| Outras indicações físicas | il. |
| Dimensões | 21 cm |
| 225 2# - Colecção | |
| Título próprio da colecção | Novas leituras |
| Indicação de volume | 32 |
| 604 ## - Autor/Título usado como assunto | |
| Palavra de ordem - nome | Vieira, |
| Título | Sermão de Santo António aos Peixes |
| Código do sistema | SIPOR |
| 675 ## - CDU | |
| Notação | 82-93 / 821.134.3 |
| Edição | PT |
| Língua | por |
| 700 #1 - Autor principal (pessoa individual) | |
| Apelido | Carrilho, |
| Nome | Fernanda |
| 702 #1 - Autor secundário (pessoa individual) | |
| Apelido | Vieira, |
| Nome | António, |
| Datas | 1608-1697, |
| 801 #0 - Fonte de origem | |
| País | PT |
| Agência | BMVN |
| Regras de catalogação | RPC |
| 830 ## - Notas gerais do catalogador | |
| Criado por | Silvia Neutel |
| Data de criação | 31.12.2021 |
| 990 ## - Elementos KOHA | |
| Tipo de documento | Livro |
| Situação do levantamento | Biblioteca de origem | Código de barras | Cota | Permissão de empréstimo | Forma de aquisição |
|---|---|---|---|---|---|
| Biblioteca Escola Secundária de Vendas Novas | 200000003036 | LJ CAR/SER |